• 首页
  • 本馆介绍
  • 公告通知
  • 最新文献
  • 馆藏检索
  • 电子资源
  • 读者导购
  • 参考咨询
  • 我的图书馆
  • 登录
  • 详细信息显示
  • 放入我的书架
  • 预约/预借图书
  • 作者相关作品
  • 分类相关作品
  • 丛书相关作品
  • 出版社相关作品

书目信息

  • 表格格式
  • 工作单格式
  • 卡片格式
题名:
电子商务与物流
    
 
作者: 崔介何 主编
分册:  
出版信息: 北京   中国物资出版社  2002
页数: 201页
开本: 23cm
丛书名:
单 册:
中图分类: F713.36
科图分类:
主题词: 电子商务--物流--物资管理--教材
电子资源:
ISBN: 7-5047-1728-2
000 00801nam0 2200229 45
001 04000087001
005 20050926152840.32
010    @a7-5047-1728-2@dCNY22.00
100    @a20031021d2002 ekmy0chiy0120 ea
101 0  @achi
102    @aCN@b110000
105    @aa z 000yy
200 1  @a电子商务与物流@9dian zi shang wu yu wu liu@f崔介何主编@Fcui jie he zhu bian
210    @a北京@c中国物资出版社@d2002
215    @a201页@c图@d23cm
300    @a中国物流与采购联合会指定 现代物流系列教材
330    @a本书共分9章,内容包括:电子商务与物流概述;电子商务下的物流信息支持系统;电子商务条件下的物流配送;电子商务与物流现代化等。
606 0  @a电子商务@x物流@x物资管理@x教材
690    @aF713.36@v4
701  0 @a崔介何@Acui jie he@4主编
801  0 @aCN@bTSSF@c20050926
905    @a10447@dF713.36@e105
    
    电子商务与物流/崔介何主编.-北京:中国物资出版社,2002
    201页:图;23cm
    中国物流与采购联合会指定 现代物流系列教材
    
    ISBN 7-5047-1728-2:CNY22.00
    本书共分9章,内容包括:电子商务与物流概述;电子商务下的物流信息支持系统;电子商务条件下的物流配送;电子商务与物流现代化等。
●
相关链接 在E读中查询图书 在五车中查询图书 在当当中查询图书 在豆瓣中查询图书


正题名:电子商务与物流     索取号:F713.36/105         预约/预借

序号 登录号 条形码 馆藏地/架位号 状态 备注
1 0363634   3636346   第一样本阅览室/ [索取号:F713.36/105] 在馆    
2 0363635   3636355   第一借阅区/ [索取号:F713.36/105] 在馆    
3 0363636   3636364   第一借阅区/ [索取号:F713.36/105] 在馆    
4 0363637   3636373   第一借阅区/ [索取号:F713.36/105] 在馆    
5 0363638   3636382   第一借阅区/ [索取号:F713.36/105] 在馆    
唐山师范学院图书馆 欢迎您!
大连网信软件有限公司© 版权所有